Dobrý člověk ještě žije /
Román o nezdolném optimismu v člověku, se kterým lze projít život i přes nesčetné překážky a příkoří. Jedná se o historický román, který se odehrává za vlády Ludvíka XIII. v autorově rodném Burgundsku. Jeho ústřední postavou je prostý člověk stárnoucí truhlář a řezbář Colas Breugnon, který miluje sv...
Uloženo v:
| Hlavní autor: | |
|---|---|
| Další autoři: | |
| Médium: | E-audiokniha |
| Vydáno: |
Praha :
Supraphon a.s.,
2008
|
| Tagy: |
Žádné tagy |
| LEADER | 02701nim a22003977i 4500 | ||
|---|---|---|---|
| 001 | 313332 | ||
| 007 | sr nunnnnnnned | ||
| 024 | |a 099925816827 | ||
| 044 | |a xr | ||
| 100 | 1 | |a Rolland, Romain |4 aut | |
| 245 | 1 | 0 | |a Dobrý člověk ještě žije / |c Rolland, Romain |
| 264 | 1 | |a Praha : |b Supraphon a.s., |c 2008 | |
| 300 | |a 1 online zdroj (5 hod., 8 min., 55 sek.) | ||
| 336 | |a mluvené slovo |b spw |2 rdacontent | ||
| 337 | |a audio |b s |2 rdamedia | ||
| 338 | |a online zdroj |b cr |2 rdacarrier | ||
| 505 | 0 | 0 | |t Prvni jarni skrivan (21 min., 12 sek.) |
| 505 | 0 | 0 | |t Oblezeni (10 min., 38 sek.) |
| 505 | 0 | 0 | |t Brevesky farar (27 min., 30 sek.) |
| 505 | 0 | 0 | |t Lasicka - prvni cast (18 min., 59 sek.) |
| 505 | 0 | 0 | |t Lasicka - druha cast (17 min., 13 sek.) |
| 505 | 0 | 0 | |t Tazni ptaci (29 min., 23 sek.) |
| 505 | 0 | 0 | |t Mor (30 min., 50 sek.) |
| 505 | 0 | 0 | |t Smrt me panimamy (18 min., 8 sek.) |
| 505 | 0 | 0 | |t Spaleny dum (12 min., 9 sek.) |
| 505 | 0 | 0 | |t Vzpoura (29 min., 56 sek.) |
| 505 | 0 | 0 | |t Cizi dum - 1. cast (14 min., 54 sek.) |
| 505 | 0 | 0 | |t Cizi dum - 2. cast (14 min., 5 sek.) |
| 505 | 0 | 0 | |t Cetba Plutarcha (31 min., 58 sek.) |
| 505 | 0 | 0 | |t Kral pije (31 min., 43 sek.) |
| 520 | 2 | |a Román o nezdolném optimismu v člověku, se kterým lze projít život i přes nesčetné překážky a příkoří. Jedná se o historický román, který se odehrává za vlády Ludvíka XIII. v autorově rodném Burgundsku. Jeho ústřední postavou je prostý člověk stárnoucí truhlář a řezbář Colas Breugnon, který miluje svou práci, dobré jídlo a pití, rád si zažertuje s pěknou ženou, zároveň však dokáže bránit život a svobodu proti jejich nepřátelům. Colas prožije tragický rok; zemře mu žena, vyhoří a přijde o většinu svých uměleckých prací, nakazí se morem a nakonec si zlomí nohu. Přesto stále miluje po galsku život a také jej učí milovat ostatní. Svou snahou být prospěšný svému okolí dokládá, že skutečně „dobrý člověk ještě žije". Colas má dar barvité fantazie a živého slova, jeho vyprávění je proloženo výrazy burgundskéhou kraje, mnoha příslovími a pořekadly. Všechny příběhy v knize čerpají ze života prostých lidí, oslavují jejich důvtip, tvořivost a smysl pro humor, jsou přehlídkou francouzského folklóru. | |
| 700 | 1 | |a Štěpánek, Zdeněk |4 nrt | |
| 910 | |a RBIT002 | ||
| 998 | |d 403277 |a https://core.palmknihy.cz/api/books/403277/cover?sc3v88 |b https://core.palmknihy.cz/api/books/403277/cover/400?sc3v88 |c https://core.palmknihy.cz/api/books/403277/cover/50?sc3v88 |e 2099-01-01 |i 099925816827 |l 18535 |q 49 |r 1 |s https://www.palmknihy.cz/kniha/403277 |t audiobook |y 2008 |z 1 | ||
| 999 | |d 313330 | ||